Zoo by Shakira - All Lyrics - Statistics

General Stats
  • This quiz has been taken 7 times
  • The average score is 209 of 278
Answer Stats
Answer % Correct
a
100%
and
100%
be
100%
here
100%
in
100%
is
100%
it
100%
it's
100%
on,
100%
on
100%
the
100%
to
100%
we
100%
we're
100%
where
100%
you
100%
zoo
100%
anyone
80%
anything,
80%
anything
80%
are
80%
baby
80%
baby,
80%
can
80%
can't
80%
celebrate,
80%
celebrate
80%
Come
80%
come
80%
concrete
80%
crazy
80%
get
80%
if
80%
into
80%
jungle
80%
live
80%
me
80%
music
80%
no
80%
only
80%
place
80%
play,
80%
play
80%
playing,
80%
reason
80%
time,
80%
time
80%
turning
80%
up,
80%
up
80%
wild
80%
world,
80%
your
80%
you're
80%
caught
60%
cool
60%
do
60%
down
60%
floor
60%
fun
60%
keep
60%
life
60%
love,
60%
now?
60%
of
60%
sometimes
60%
tamed
60%
tamed,
60%
together
60%
about
40%
all
40%
away,
40%
away
40%
bottled
40%
by
40%
chance
40%
don't
40%
end
40%
energy
40%
fade
40%
hard
40%
heated
40%
hold
40%
i'll
40%
let
40%
mad
40%
moment,
40%
moment
40%
race
40%
rat
40%
release
40%
this
40%
what
40%
when
40%
always
20%
at
20%
comes
20%
day,
20%
finding
20%
higher
20%
higher,
20%
take
20%
but
0%
confined
0%
continuously
0%
good
0%
show
0%
us,
0%
No matching quizzes found
Score Distribution
Percent of People with Each Score
Percentile by Number Answered
Your Score History
You have not taken this quiz